| 000 -LEADER |
| fixed length control field |
00535pab a2200169 454500 |
| 008 - FIXED-LENGTH DATA ELEMENTS--GENERAL INFORMATION |
| fixed length control field |
180718b1997 xxu||||| |||| 00| 0 eng d |
| 100 ## - MAIN ENTRY--PERSONAL NAME |
| Personal name |
Freund, Caroline |
| 245 ## - TITLE STATEMENT |
| Title |
Public-sector price reforms in transition economies: who gains? who loses? the case of household energy prices in Poland |
| 260 ## - PUBLICATION, DISTRIBUTION, ETC. |
| Date of publication, distribution, etc. |
1997 |
| 300 ## - PHYSICAL DESCRIPTION |
| Extent |
p.35-59 |
| 362 ## - DATES OF PUBLICATION AND/OR SEQUENTIAL DESIGNATION |
| Dates of publication and/or sequential designation |
Oct |
| 650 ## - SUBJECT ADDED ENTRY--TOPICAL TERM |
| Topical term or geographic name entry element |
Energy consumption - Poland |
| 650 ## - SUBJECT ADDED ENTRY--TOPICAL TERM |
| Topical term or geographic name entry element |
Energy consumption |
| 700 ## - ADDED ENTRY--PERSONAL NAME |
| Personal name |
Wallich, Christine |
| 773 ## - HOST ITEM ENTRY |
| Main entry heading |
Economic Development and Cultural Change |
| 909 ## - |
| -- |
36625 |